Entangled world : (Record no. 42841)
[ view plain ]
| 000 -LEADER | |
|---|---|
| fixed length control field | 01433cam a2200229 a 4500 |
| 001 - CONTROL NUMBER | |
| control field | vtls003028671 |
| 003 - CONTROL NUMBER IDENTIFIER | |
| control field | MY-SjTCS |
| 005 - DATE AND TIME OF LATEST TRANSACTION | |
| control field | 20200306163518.0 |
| 008 - FIXED-LENGTH DATA ELEMENTS--GENERAL INFORMATION | |
| fixed length control field | 110218s2002 gw a b 001 0 eng d |
| 020 ## - INTERNATIONAL STANDARD BOOK NUMBER | |
| International Standard Book Number | 3527404708 (hbk.) |
| 039 #9 - LEVEL OF BIBLIOGRAPHIC CONTROL AND CODING DETAIL [OBSOLETE] | |
| Level of rules in bibliographic description | 201102181616 |
| Level of effort used to assign nonsubject heading access points | VLOAD |
| Level of effort used to assign subject headings | 200607261747 |
| Level of effort used to assign classification | pushpa |
| -- | 200606151402 |
| -- | malathy |
| 082 04 - DEWEY DECIMAL CLASSIFICATION NUMBER | |
| Classification number | 530.12 |
| Item number | ENT |
| 245 00 - TITLE STATEMENT | |
| Title | Entangled world : |
| Remainder of title | the fascination of quantum information and computation / |
| Statement of responsibility, etc. | Jürgen Audretsch, editor. |
| 260 ## - PUBLICATION, DISTRIBUTION, ETC. | |
| Place of publication, distribution, etc. | Weinheim : |
| Name of publisher, distributor, etc. | Wiley-VCH, |
| Date of publication, distribution, etc. | c2002. |
| 300 ## - PHYSICAL DESCRIPTION | |
| Extent | xii, 300 p. : |
| Other physical details | ill. ; |
| Dimensions | 22 cm. |
| 504 ## - BIBLIOGRAPHY, ETC. NOTE | |
| Bibliography, etc. note | Includes bibliographical references and index. |
| 505 0# - FORMATTED CONTENTS NOTE | |
| Formatted contents note | Preface - 1. View into the quantum world I: fundamental phenomena and concepts - 2. View into the quantum world II: entanglement and its consequences - 3. The Bohr-Einstein debate and the fundamental problem of quantum mechanics - 4. An excursion into the quantum world - 5. Entangled quantum systems: from wave-particle duality to single-photon sources of light - 6. Quantum information - 7. Quantum computers - the new generation of supercomputers? - 8. Decoherence and the transition from quantum physics to classical physics - 9. Quantum information processing: dream and realization - 10. Quantum theory: a challenge for philosophy! - Index. |
| 650 #0 - SUBJECT ADDED ENTRY--TOPICAL TERM | |
| Topical term or geographic name entry element | Quantum theory. |
| 9 (RLIN) | 234839 |
| 650 #0 - SUBJECT ADDED ENTRY--TOPICAL TERM | |
| Topical term or geographic name entry element | Quantum computers. |
| 9 (RLIN) | 9807 |
| 700 1# - ADDED ENTRY--PERSONAL NAME | |
| Personal name | Audretsch, Jürgen, |
| Dates associated with a name | 1942- |
| 9 (RLIN) | 234840 |
| 920 ## - Programme | |
| Programme | CIT(RMIT) : 547202 |
| Withdrawn status | Lost status | Source of classification or shelving scheme | Damaged status | Not for loan | Home library | Current library | Date acquired | Total Checkouts | Barcode | Date last seen | Date last checked out | Copy number | Uniform Resource Identifier | Koha item type | Public note |
|---|---|---|---|---|---|---|---|---|---|---|---|---|---|---|---|
| Dewey Decimal Classification | Taylor's Library-TU | Taylor's Library-TU | 15/06/2006 | 5 | 5000030344 | 05/12/2019 | 01/01/2014 | 1 | Floor 4, Shelf 16 , Side 1, TierNo 2, BayNo 2 | Main Collection | SOCIT,15010,03,GR |